000 00314nam a22001337a 4500
008 170830b xxu||||| |||| 00| 0 eng d
020 _a9781578201150
041 _aeng
080 _a621.397.13
100 _a40
101 _aMED
245 _aLIGHTING FOR DIGITALVIDEO & TELEVISION
_cJACKMAN,J
942 _2udc
_cBK
999 _c25545
_d25545